Evolución de las Letras Chilenas. 1810-1960.

Uloženo v:
Podrobná bibliografie
Hlavní autor: Silva Castro, Raúl (autor)
Další autoři: Amster, Mauricio (proyección de edición)
Médium: Kniha
Jazyk:španělština
Vydáno: Santiago, Chile: Andrés Bello, 1960.
Témata:
Tagy: Přidat tag
Žádné tagy, Buďte první, kdo vytvoří štítek k tomuto záznamu!

MARC

LEADER 00000nam a2200000 a 4500
001 UCT2586
003 CL-VaPUC
005 20220822114329.0
008 961011e19600000CL |||||||||||||||||spa|d
999 |c 252641  |d 252639 
040 |c Pontificia Universidad Católica de Valparaíso 
082 0 4 |a Ch860.9 SIL 1960   |2 21 
100 0 |a Silva Castro, Raúl  |e autor  |9 371588 
245 1 0 |a Evolución de las Letras Chilenas.  |b 1810-1960.  
260 |a Santiago, Chile:   |b Andrés Bello,  |c 1960.  
300 |a 85 páginas.  
500 |a c.2 Donación Familia Prof. Alejandro Guzmán Brito.  
583 |a last modification  |c 19961011 00:00:00  |k Rodrigo Vera 
600 0 |a Matta Goyenechea, Guillermo,  |d 1829-1899  |9 512817 
600 0 |a Latorre Court, Mariano  |e author  |9 611032 
650 0 |a Poesía chilena   |9 268403 
650 0 |a Teatro chileno  |9 266701 
650 0 |a Novela chilena   |9 307631 
650 0 |a Cuento chileno  |9 352824 
650 0 |a Ensayos chilenos   |9 269132  |x Crítica e interpretación  
700 |a Amster, Mauricio  |9 302651  |e proyección de edición 
942 |c BK  |2 ddc  |n 0 
945 |d 19961011 00:00:00  |a rleighto